000 00507nam a2200169 i 4500
001 70444
003 ES-MaACL
005 20260216063017.0
007 t|
008 040726s1931 sp ||||1| spa d
100 1 _aGarcitoral, Alicio,
_d1902-2003
_955477
245 1 0 _aEspaña en pié
_b: la revolución de 1930 y otros ensayos /
_cAlicio García Toral.
260 _aMadrid :
_b[Zoila Ascasibar,
_c1931]
300 _a238 p. ;
_c18 cm.
852 _aES-MaACL
_jB-12325
999 _c70444
_d70444